| 000 | 00751nam a22002057a 4500 | ||
|---|---|---|---|
| 999 |
_c21374 _d21374 |
||
| 003 | AR-CdUCM | ||
| 008 | 190402b ||||| |||| 00| 0 spa d | ||
| 040 |
_aMUNICIPALIDAD PROVINCIAL DEL CUSCO _cBIBLIOTECA MUNICIPAL DEL CUSCO |
||
| 082 |
_a343.2/C81/1934 _bC81 |
||
| 245 |
_aConstitución Política del Perú : _bSancionada por el congreso constituyente de 1931 / |
||
| 260 |
_aLima ; _bImprenta Excelsior, _c1934. |
||
| 300 |
_a51 Páginas. : _c17 cm. |
||
| 505 | _aContenido : Constitución Política del Perú del año de 1931. | ||
| 650 |
_aCongreso de la República _928012 |
||
| 650 |
_aConstitución Política del Perú _928715 |
||
| 650 |
_aLegislación peruana _99407 |
||
| 650 |
_aPerú _944586 |
||
| 942 |
_2ddc _cLIBROS |
||
| 945 | _aRoel | ||